[Event "Simferopol/Alushta"]
[Site "Alushta UKR"]
[Date "1992.??.??"]
[Round "?"]
[White "Milov, Leonid"]
[Black "Lerner, Konstantin Z"]
[Result "0-1"]
[WhiteElo "2400"]
[BlackElo "2515"]
[PlyCount "33"]
[EventDate "1992.??.??"]
[Source "www.chesslib.no"]
[SourceDate "2004.05.04"]

1. e4 c5 2. Nf3 Nc6 3. d4 cxd4 4. Nxd4 Nf6 5. Nc3 d6 6. Bg5 e6 7. Bb5 Bd7 8. Bxc6 Bxc6 9. Qf3 Bd7 10. O-O-O a6 11. Rhe1 Be7 12. e5 dxe5 13. Rxe5 Qc7 14. Rde1 O-O-O 15. Nf5 Bc6 16. Nxe7+ Qxe7 17. Bh4 0-1

[Event "GMA-Open"]
[Site "Belgrade SCG"]
[Date "1988.??.??"]
[Round "?"]
[White "Westerinen, Heikki M J"]
[Black "Kosten, Anthony C"]
[Result "1-0"]
[WhiteElo "2395"]
[BlackElo "2515"]
[PlyCount "51"]
[EventDate "1988.12.??"]
[Source "www.chesslib.no"]
[SourceDate "2004.05.04"]

1. e4 c5 2. Nf3 Nc6 3. d4 cxd4 4. Nxd4 Nf6 5. Nc3 d6 6. Bg5 e6 7. Bb5 Bd7 8. Bxc6 bxc6 9. Qf3 Qb6 10. O-O-O Be7 11. Nb3 Rd8 12. e5 dxe5 13. Bxf6 Bxf6 14. Ne4 Be7 15. Nd6+ Bxd6 16. Rxd6 Ke7 17. Rhd1 f6 18. c4 h6 19. Qd3 Qc7 20. Qg6 Be8 21. Qxg7+ Bf7 22. c5 h5 23. f4 Rhg8 24. Qh7 a5 25. f5 exf5 26. Qxf5 1-0

[Event "Hamburg Open"]
[Site "Hamburg GER"]
[Date "1992.??.??"]
[Round "7"]
[White "Westerinen, Heikki M J"]
[Black "Sher, Miron N"]
[Result "1/2-1/2"]
[WhiteElo "2430"]
[BlackElo "2475"]
[PlyCount "66"]
[EventDate "1992.10.??"]
[Source "www.chesslib.no"]
[SourceDate "2004.05.04"]

1. e4 c5 2. Nf3 d6 3. d4 Nf6 4. Nc3 cxd4 5. Nxd4 Nc6 6. Bg5 e6 7. Bb5 Bd7 8. Bxc6 bxc6 9. Qf3 Rc8 10. O-O-O Be7 11. Nb3 Qc7 12. e5 dxe5 13. Ne4 Nxe4 14. Bxe7 Kxe7 15. Qxe4 c5 16. c4 a5 17. Rd3 a4 18. Nd2 h6 19. Rd1 Bc6 20. Qe3 Bb7 21. Ne4 Bxe4 22. Rd7+ Qxd7 23. Rxd7+ Kxd7 24. Qxe4 Rc6 25. Qxe5 f6 26. Qg3 g5 27. Qf3 e5 28. Qd1+ Rd6 29. Qxa4+ Ke6 30. Qa3 Rc6 31. Qf3 Rd6 32. Qa3 Rc6 33. Qf3 Rd6 1/2-1/2

[Event "JUG-chT"]
[Site "Vrnjacka Banja"]
[Date "1999.??.??"]
[Round "9"]
[White "Vukovic, Zdravko"]
[Black "Vuckovic, Bojan"]
[Result "1/2-1/2"]
[WhiteElo "2470"]
[BlackElo "2433"]
[PlyCount "21"]
[EventDate "1999.08.??"]
[Source "www.chesslib.no"]
[SourceDate "2004.05.04"]

1. e4 c5 2. Nf3 d6 3. d4 cxd4 4. Nxd4 Nf6 5. Nc3 Nc6 6. Bg5 e6 7. Be2 Be7 8. O-O a6 9. Qd2 h6 10. Be3 Qc7 11. Rad1 1/2-1/2

[Event "Vantaa We EtVaS"]
[Site "Vantaa"]
[Date "1997.??.??"]
[Round "5"]
[White "Berzinsh, Roland"]
[Black "Veingold, Aleksandr"]
[Result "1/2-1/2"]
[WhiteElo "2440"]
[BlackElo "2460"]
[PlyCount "95"]
[EventDate "1997.??.??"]
[Source "www.chesslib.no"]
[SourceDate "2004.05.04"]

1. e4 c5 2. Nf3 Nc6 3. d4 cxd4 4. Nxd4 Nf6 5. Nc3 d6 6. Bg5 e6 7. Bb5 Bd7 8. Bxc6 bxc6 9. Qf3 h6 10. Bh4 e5 11. Nf5 Bxf5 12. Qxf5 Qd7 13. Qf3 Be7 14. O-O-O O-O 15. Bxf6 Bxf6 16. h4 Qe7 17. Qh3 Rfd8 18. Kb1 Qe6 19. Qxe6 fxe6 20. h5 Rab8 21. Rh3 Rb4 22. Rhd3 Rd4 23. f3 Kf7 24. Ne2 Rxd3 25. cxd3 c5 26. Rc1 Rd7 27. Rc4 Bd8 28. Kc2 Kf6 29. f4 exf4 30. Nxf4 e5 31. Nh3 g6 32. hxg6 Rg7 33. Kd1 Rxg6 34. Rc2 Rg3 35. Rf2+ Kg7 36. Kc2 Bb6 37. Re2 c4 38. dxc4 a5 39. Kd2 a4 40. Ke1 Bd4 41. Kf1 a3 42. b3 Rc3 43. Rd2 Re3 44. Nf2 Rg3 45. Nd3 Re3 46. Nf2 Rg3 47. Re2 h5 48. Rd2 1/2-1/2

[Event "EU-ch 2nd"]
[Site "Ohrid"]
[Date "2001.06.02"]
[Round "2"]
[White "Haznedaroglu, Kivanc"]
[Black "Gershon, Alik"]
[Result "0-1"]
[WhiteElo "2358"]
[BlackElo "2539"]
[PlyCount "109"]
[EventDate "2001.06.01"]
[Source "ChessBase"]
[SourceDate "2001.09.13"]

1. e4 c5 2. Nf3 Nc6 3. d4 cxd4 4. Nxd4 Nf6 5. Nc3 d6 6. Bg5 e6 7. Bb5 Qb6 8. Be3 Qc7 9. g4 a6 10. Be2 b5 11. a3 Ne5 12. f3 Nc4 13. Bxc4 Qxc4 14. Qe2 Nd7 15. a4 Qxe2+ 16. Kxe2 b4 17. Na2 e5 18. Nc6 a5 19. Nc1 Ba6+ 20. Kd2 Bb7 21. Na7 d5 22. exd5 Bxd5 23. Ke2 Bc5 24. Nb5 O-O 25. Rd1 Bc4+ 26. Kf2 Bxe3+ 27. Kxe3 Nb6 28. Rd6 Bxb5 29. Rxb6 Bc4 30. Rc6 Rac8 31. Rxc8 Rxc8 32. Nd3 f6 33. Rc1 Be6 34. c3 b3 35. Nf2 Bd7 36. Ne4 Bxa4 37. Ra1 Rc4 38. Nd2 Rf4 39. c4 Bd7 40. Rxa5 h5 41. gxh5 Rh4 42. Ra7 Bf5 43. c5 Rxh2 44. c6 Kh7 45. Rb7 Bc8 46. Ra7 f5 47. Nc4 f4+ 48. Ke4 Re2+ 49. Kd5 e4 50. fxe4 f3 51. Rf7 f2 52. c7 Ba6 53. Nd6 Rxb2 54. Ne8 Kg8 55. Rxg7+ 0-1

[Event "17th Open, Geneva SUI"]
[Site "?"]
[Date "2001.??.??"]
[Round "6"]
[White "Landenbergue, C."]
[Black "Miton, K."]
[Result "1/2-1/2"]
[WhiteElo "2400"]
[BlackElo "2495"]
[PlyCount "28"]
[EventDate "2001.??.??"]
[Source "www.chesslib.no"]
[SourceDate "2004.05.04"]

1. e4 c5 2. Nf3 Nc6 3. d4 cxd4 4. Nxd4 Nf6 5. Nc3 d6 6. Bg5 e6 7. Bb5 Bd7 8. Bxc6 bxc6 9. Qf3 e5 10. Nf5 Bxf5 11. Qxf5 Qd7 12. Qf3 Be7 13. Rd1 O-O 14. O-O Ne8 1/2-1/2

[Event "EU-ch (Women)"]
[Site "Batumi"]
[Date "2000.06.02"]
[Round "3.1"]
[White "Zatonskih, Anna"]
[Black "Kovalevskaya, Ekaterina"]
[Result "0-1"]
[WhiteElo "2441"]
[BlackElo "2451"]
[PlyCount "96"]
[EventDate "2000.05.27"]
[Source "ChessBase"]
[SourceDate "2000.07.11"]

1. e4 c5 2. Nf3 Nc6 3. d4 cxd4 4. Nxd4 Nf6 5. Nc3 d6 6. Bg5 e6 7. Be2 Be7 8. O-O O-O 9. Ndb5 a6 10. Bxf6 Bxf6 11. Nxd6 b5 12. Nxc8 Rxc8 13. f4 Bd4+ 14. Kh1 Qa5 15. e5 Bxc3 16. bxc3 Qxc3 17. Rf3 Qc5 18. Bd3 Rfd8 19. a3 g6 20. Qe1 Nd4 21. Rf2 Qc3 22. Qxc3 Rxc3 23. h3 Nb3 24. cxb3 Rdxd3 25. b4 Rxa3 26. Rfa2 Rxa2 27. Rxa2 Rd4 28. g3 Rxb4 29. Rxa6 h6 30. h4 g5 31. hxg5 hxg5 32. fxg5 Kg7 33. Rb6 Rb2 34. Rb8 b4 35. Kg1 b3 36. g4 Re2 37. Rxb3 Rxe5 38. Kf2 Rxg5 39. Kf3 Ra5 40. Kg3 Kf6 41. Rb7 Ra3+ 42. Kf4 e5+ 43. Ke4 Ra4+ 44. Kf3 Rf4+ 45. Kg3 Kg5 46. Kh3 Rf3+ 47. Kg2 Kxg4 48. Rb4+ Rf4 0-1

[Event "Budapest act Open"]
[Site "Budapest HUN"]
[Date "1995.??.??"]
[Round "?"]
[White "Czebe, Attila"]
[Black "Varga, Zoltan"]
[Result "0-1"]
[WhiteElo "2430"]
[BlackElo "2460"]
[PlyCount "47"]
[EventDate "1995.??.??"]
[Source "www.chesslib.no"]
[SourceDate "2004.05.04"]

1. e4 c5 2. Nf3 Nc6 3. d4 cxd4 4. Nxd4 Nf6 5. Nc3 d6 6. Bg5 e6 7. Bb5 Bd7 8. Bxc6 bxc6 9. Qf3 h6 10. Bxf6 Qxf6 11. Qxf6 gxf6 12. O-O-O Rb8 13. f4 c5 14. Nb3 Rb4 15. a3 Rc4 16. Nd2 Rd4 17. Rhe1 Be7 18. Nf3 Rc4 19. Kd2 f5 20. h3 Rxc3 21. Kxc3 fxe4 22. Rxe4 Rg8 23. Re2 Bc6 24. Kd2 0-1

[Event "Dresden op"]
[Site "Dresden"]
[Date "1996.??.??"]
[Round "6"]
[White "Polzin, Rainer"]
[Black "Wells, Peter K"]
[Result "1/2-1/2"]
[WhiteElo "2405"]
[BlackElo "2475"]
[PlyCount "71"]
[EventDate "1996.07.??"]
[Source "ChessBase"]

1. e4 c5 2. Nf3 Nc6 3. d4 cxd4 4. Nxd4 Nf6 5. Nc3 d6 6. Bg5 e6 7. Bb5 Qb6 8. Be3 Qc7 9. f4 Be7 10. Qf3 O-O 11. O-O-O a6 12. Bd3 Nxd4 13. Bxd4 e5 14. fxe5 dxe5 15. Qg3 Bd6 16. Be3 Be6 17. Rhf1 Nh5 18. Qh4 g6 19. Bh6 Rfe8 20. g3 Rac8 21. Be2 Be7 22. Bg5 Bxg5+ 23. Qxg5 Ng7 24. Rd2 Qa5 25. Rf3 Bxa2 26. Nxa2 Qxa2 27. Ra3 Qe6 28. Bg4 f5 29. Bf3 Qe7 30. Qe3 Qc5 31. Qxc5 Rxc5 32. Rd7 f4 33. Rxb7 Ne6 34. Rxa6 Ng5 35. Raa7 Nxf3 36. Rg7+ 1/2-1/2

[Event "Peer Gynt"]
[Site "Gausdal NOR"]
[Date "1991.??.??"]
[Round "7"]
[White "Westerinen, Heikki M J"]
[Black "Stefansson, Hannes H"]
[Result "1/2-1/2"]
[WhiteElo "2410"]
[BlackElo "2470"]
[PlyCount "53"]
[EventDate "1991.07.??"]
[Source "www.chesslib.no"]
[SourceDate "2004.05.04"]

1. e4 c5 2. Nf3 d6 3. Nc3 Nc6 4. d4 cxd4 5. Nxd4 Nf6 6. Bg5 e6 7. Bb5 Bd7 8. Bxc6 bxc6 9. Qf3 h6 10. Bh4 Qb6 11. O-O-O Rb8 12. Nb3 e5 13. Bxf6 gxf6 14. Qxf6 Rg8 15. Rxd6 Bxd6 16. Qxd6 Rxg2 17. Na4 Qd8 18. Qxe5+ Be6 19. Qh8+ Ke7 20. Qxh6 Bxb3 21. axb3 Qg8 22. Kb1 Rg1+ 23. Rxg1 Qxg1+ 24. Ka2 Qxf2 25. Qxc6 Rh8 26. Qc7+ Kf8 27. Qd8+ 1/2-1/2

[Event "Biel MTO"]
[Site "Biel"]
[Date "2001.07.31"]
[Round "8"]
[White "Roschina, Tatiana"]
[Black "Gershon, Alik"]
[Result "0-1"]
[WhiteElo "2322"]
[BlackElo "2553"]
[PlyCount "130"]
[EventDate "2001.07.23"]
[Source "ChessBase"]
[SourceDate "2001.09.11"]

1. e4 c5 2. Nf3 Nc6 3. d4 cxd4 4. Nxd4 Nf6 5. Nc3 d6 6. Bg5 e6 7. Bb5 Qb6 8. Bxf6 gxf6 9. Nd5 exd5 10. exd5 a6 11. Bxc6+ bxc6 12. Qe2+ Kd7 13. dxc6+ Kc7 14. O-O-O Rb8 15. b3 Rg8 16. Kb1 Qc5 17. Rhe1 Rxg2 18. Qe8 Be6 19. Nxe6+ fxe6 20. Qd7+ Kb6 21. Re4 Rg7 22. Rb4+ Qxb4 23. c7 Ra8 24. c8=Q Rxc8 25. Qxc8 d5 26. Qxe6+ Qd6 27. Qe3+ Qc5 28. Qe6+ Qc6 29. Qxd5 Qxd5 30. Rxd5 Ba3 31. c3 Rg1+ 32. Kc2 Rc1+ 33. Kd2 Ra1 34. Rf5 Rxa2+ 35. Kd3 Be7 36. b4 h6 37. Rf3 Kc6 38. Ke4 Re2+ 39. Kd3 Re5 40. Rh3 Rf5 41. Ke3 h5 42. Rh4 Bd6 43. h3 Kb5 44. Rd4 Be5 45. Rd5+ Kc4 46. Rc5+ Kb3 47. Rc6 Bxc3 48. Rxa6 Kxb4 49. Ra8 Be1 50. Rb8+ Kc4 51. Rc8+ Kd5 52. Rd8+ Ke6 53. f4 Bg3 54. Re8+ Kf7 55. Re4 Ra5 56. Rc4 Kg6 57. Ke4 Ra3 58. Rb4 Bh4 59. Rb8 Rxh3 60. Rg8+ Kh7 61. Rg1 Rg3 62. Rh1 Rg4 63. Kf5 Kh6 64. Rh3 Bg3 65. Kxf6 Rxf4+ 0-1

[Event "otb"]
[Site "otb"]
[Date "2007.04.07"]
[Round "8"]
[White "Sakelsek Tadej"]
[Black "Yrjola Jouni"]
[Result "1/2-1/2"]
[WhiteElo "2487"]
[BlackElo "2384"]
[PlyCount "83"]
[Source "www.chesslib.no"]
[SourceDate "2004.05.04"]

1. e4 c5 2. Nf3 Nc6 3. d4 cxd4 4. Nxd4 Nf6 5. Nc3 d6 6. Bg5 e6 7. f3 Be7 8. Qd2 a6 9. O-O-O Nxd4 10. Qxd4 b5 11. Be3 Qa5 12. Kb1 b4 13. Ne2 e5 14. Qb6 Qxb6 15. Bxb6 Be6 16. Nc1 d5 17. exd5 Nxd5 18. Bf2 f6 19. Bd3 Kf7 20. Rhe1 Nf4 21. Be4 Rad8 22. g3 Nh3 23. Be3 h6 24. f4 exf4 25. gxf4 Rxd1 26. Rxd1 Bg4 27. Rf1 Bd6 28. Bd5+ Kg6 29. Bc4 Re8 30. Bd2 a5 31. Bb5 Rd8 32. Bd3+ Kf7 33. Nb3 Bc7 34. a3 bxa3 35. Nxa5 axb2 36. Nc6 Ra8 37. Kxb2 g5 38. fxg5 hxg5 39. Re1 Be6 40. Nd4 Be5 41. Bc3 Rc8 42. Ra1 1/2-1/2

[Event "Geneve Open"]
[Site "Geneva SUI"]
[Date "1994.??.??"]
[Round "5"]
[White "Domont, Alexandre"]
[Black "Sher, Miron N"]
[Result "0-1"]
[WhiteElo "2350"]
[BlackElo "2520"]
[PlyCount "42"]
[EventDate "1994.01.??"]
[Source "www.chesslib.no"]
[SourceDate "2004.05.04"]

1. e4 c5 2. Nf3 d6 3. d4 Nf6 4. Nc3 cxd4 5. Nxd4 Nc6 6. Bg5 e6 7. Bb5 Bd7 8. Bxc6 bxc6 9. Qf3 h6 10. Be3 e5 11. Nb3 Be7 12. h3 O-O 13. g4 a5 14. Nd2 Be6 15. Rd1 d5 16. g5 hxg5 17. Bxg5 Nxe4 18. Ndxe4 Bxg5 19. Rg1 Bf4 20. Qg2 Bh6 21. Rd3 Bf5 0-1

[Event "SUI Ch"]
[Site "Switzerland"]
[Date "1995.??.??"]
[Round "2"]
[White "Forster, Richard"]
[Black "Zueger, Beat"]
[Result "1/2-1/2"]
[WhiteElo "2385"]
[BlackElo "2480"]
[PlyCount "63"]
[EventDate "1995.??.??"]
[Source "www.chesslib.no"]
[SourceDate "2004.05.04"]

1. e4 c5 2. Nf3 Nc6 3. d4 cxd4 4. Nxd4 Nf6 5. Nc3 d6 6. Bg5 e6 7. Bb5 Qb6 8. Bxf6 gxf6 9. Nd5 exd5 10. exd5 a6 11. Bxc6+ bxc6 12. Qe2+ Be6 13. Nxe6 fxe6 14. Qxe6+ Be7 15. O-O Kf8 16. Rfe1 Ra7 17. Re3 c5 18. Rg3 h5 19. Re1 Qd8 20. Qf5 Rh6 21. Qf4 Rh7 22. Qf5 Rh6 23. Rg6 Rxg6 24. Qxg6 Qa5 25. Re3 Qxa2 26. Qh6+ Ke8 27. Qxh5+ Kd8 28. Qh8+ Kd7 29. Qh3+ Kd8 30. Qh8+ Kd7 31. Qh3+ Kd8 32. Qh8+ 1/2-1/2

[Event "X Open internazionale"]
[Site "Banyoles SPA"]
[Date "2007.08.20"]
[Round "5"]
[White "Wantiez, Fabrice"]
[Black "Gonzalez Garcia, Jose"]
[Result "0-1"]
[WhiteElo "2320"]
[BlackElo "2540"]
[PlyCount "110"]
[EventDate "2007.08.16"]
[Source "www.chesslib.no"]
[SourceDate "2004.05.04"]

1. e4 c5 2. Nf3 d6 3. d4 cxd4 4. Nxd4 Nf6 5. Nc3 Nc6 6. Bg5 e6 7. f3 Be7 8. Qd2 O-O 9. h4 h6 10. Be3 d5 11. exd5 Nxd5 12. Nxd5 Qxd5 13. Nxc6 Qxc6 14. Bd3 Rd8 15. O-O-O e5 16. Qa5 Be6 17. Be4 Qc4 18. b3 Rxd1+ 19. Rxd1 Qe2 20. Qd2 Qxd2+ 21. Rxd2 Bc8 22. g4 f5 23. gxf5 Bxh4 24. c4 a5 25. Rd5 Bf6 26. Bb6 a4 27. b4 a3 28. c5 h5 29. Kc2 h4 30. Kd1 g6 31. Bd8 gxf5 32. Bxf6 fxe4 33. Rd8+ Kf7 34. Bxh4 exf3 35. Ke1 e4 36. Bg5 Ra4 37. Rxc8 Rxb4 38. Ra8 Rb1+ 39. Kf2 Rb2+ 40. Kf1 Rb1+ 41. Kf2 Rb2+ 42. Kf1 Kg6 43. Be3 Rxa2 44. Ra7 Ra1+ 45. Kf2 Ra2+ 46. Kf1 Ra1+ 47. Kf2 a2 48. Bd4 Rd1 49. Bc3 Rc1 50. Bd4 Rd1 51. Bc3 Rc1 52. Bd4 Rc2+ 53. Kf1 Rd2 54. Bc3 e3 55. Ra8 Rd1+ 0-1

[Event "Lone Pine"]
[Site "Lone Pine"]
[Date "1976.??.??"]
[Round "7"]
[White "Formanek, Edward W"]
[Black "Weinstein, Norman"]
[Result "0-1"]
[WhiteElo "2430"]
[BlackElo "2430"]
[PlyCount "66"]
[EventDate "1976.??.??"]
[Source "ChessBase"]

1. e4 c5 2. Nf3 d6 3. d4 cxd4 4. Nxd4 e6 5. Nc3 Nc6 6. Bc4 Nf6 7. Bg5 Qb6 8. Nb3 a6 9. Qe2 Be7 10. O-O-O Qc7 11. f4 b5 12. Bxb5 axb5 13. Nxb5 Qb8 14. e5 Ba6 15. exf6 gxf6 16. Nxd6+ Qxd6 17. Rxd6 Bxe2 18. Rxc6 fxg5 19. Re1 Bb5 20. Rb6 Bc4 21. f5 O-O 22. a3 Bd8 23. Rb4 Rc8 24. c3 exf5 25. Re5 Bc7 26. Rxf5 Bf4+ 27. Kc2 Rfe8 28. Nd4 Re1 29. b3 Rc1+ 30. Kb2 Bd3 31. c4 Bxf5 32. Nxf5 Re8 33. Nd4 Rd1 0-1

[Event "Belgrade women"]
[Site "Belgrade SCG"]
[Date "1994.??.??"]
[Round "1"]
[White "Bojkovic, Natasa"]
[Black "Galliamova-Ivanchuk, Alisa"]
[Result "0-1"]
[WhiteElo "2410"]
[BlackElo "2450"]
[PlyCount "60"]
[EventDate "1994.03.??"]
[Source "www.chesslib.no"]
[SourceDate "2004.05.04"]

1. e4 c5 2. Nf3 Nc6 3. d4 cxd4 4. Nxd4 Nf6 5. Nc3 d6 6. Bg5 e6 7. Bb5 Bd7 8. Bxc6 bxc6 9. Qf3 h6 10. Bh4 Qb6 11. Nb3 Be7 12. e5 dxe5 13. O-O-O Qb4 14. Bg3 e4 15. Qe2 c5 16. Be5 Bc6 17. a3 Qb6 18. Bxf6 Bxf6 19. Nxe4 Bxe4 20. Qxe4 O-O 21. Qc4 a5 22. a4 Rab8 23. f3 Rfc8 24. h4 Qb4 25. Qxb4 Rxb4 26. Nxa5 Rxa4 27. Nb3 c4 28. Nd2 Ra1+ 29. Nb1 c3 30. bxc3 Bxc3 0-1

[Event "SWE Ch"]
[Site "Haparanda"]
[Date "1994.??.??"]
[Round "1"]
[White "Jonsson, Hans"]
[Black "Degerman, Lars"]
[Result "1/2-1/2"]
[WhiteElo "2390"]
[BlackElo "2465"]
[PlyCount "60"]
[EventDate "1994.??.??"]
[Source "www.chesslib.no"]
[SourceDate "2004.05.04"]

1. e4 c5 2. Nf3 Nc6 3. d4 cxd4 4. Nxd4 Nf6 5. Nc3 d6 6. Bg5 e6 7. Bb5 Bd7 8. Bxc6 bxc6 9. Qf3 Qa5 10. Bh4 Qh5 11. Qxh5 Nxh5 12. O-O-O e5 13. Nf5 Bxf5 14. exf5 Be7 15. Bxe7 Kxe7 16. Rhe1 g6 17. fxg6 hxg6 18. Rd4 Ng7 19. h3 Ne6 20. Ra4 Kd7 21. h4 f5 22. g3 g5 23. hxg5 Nxg5 24. b4 Nf3 25. Re2 d5 26. Nd1 d4 27. Ra3 e4 28. g4 Ng1 29. Re1 Nf3 30. Re2 Ng1 1/2-1/2

[Event "BRA Ch 53th"]
[Site "Garanhuns"]
[Date "1986.09.??"]
[Round "7"]
[White "Filguth, Rubens A"]
[Black "Milos, Gilberto"]
[Result "1/2-1/2"]
[WhiteElo "2390"]
[BlackElo "2465"]
[PlyCount "26"]
[EventDate "1986.09.??"]
[Source "www.chesslib.no"]
[SourceDate "2004.05.04"]

1. e4 c5 2. Nf3 Nc6 3. d4 cxd4 4. Nxd4 Nf6 5. Nc3 d6 6. Bg5 e6 7. f4 Be7 8. Nxc6 bxc6 9. Qf3 Rb8 10. O-O-O Qb6 11. b3 Qc5 12. e5 dxe5 13. fxe5 Nd5 1/2-1/2

[Event "Ikaria Open"]
[Site "Ikaria"]
[Date "1994.??.??"]
[Round "5"]
[White "Saric, Igor"]
[Black "Atalik, Suat"]
[Result "0-1"]
[WhiteElo "2320"]
[BlackElo "2530"]
[PlyCount "72"]
[EventDate "1994.??.??"]
[Source "www.chesslib.no"]
[SourceDate "2004.05.04"]

1. e4 c5 2. Ne2 Nc6 3. Nbc3 d6 4. d4 cxd4 5. Nxd4 Nf6 6. Bg5 e6 7. Qd3 a6 8. Be2 h6 9. Bh4 Ne5 10. Qd2 g5 11. Bg3 b5 12. f4 gxf4 13. Qxf4 b4 14. Nd1 Bb7 15. Nf2 Ng6 16. Qe3 h5 17. h3 d5 18. O-O-O dxe4 19. Qb3 Bd5 20. Qa4+ Qd7 21. Qa5 Be7 22. Bh2 O-O 23. g4 e3 24. gxh5 exf2 25. Rhf1 Ne4 26. hxg6 fxg6 27. Kb1 Qb7 28. Qc7 Qxc7 29. Bxc7 Bd6 30. Bxd6 Nxd6 31. Nxe6 Bxe6 32. Rxd6 Bxh3 33. Rh1 Kg7 34. Bf1 Rae8 35. Kc1 Re1+ 36. Rd1 Bg4 0-1

[Event "Havana"]
[Site "Havana"]
[Date "1983.??.??"]
[Round "8"]
[White "Estevez Morales, Guillermo"]
[Black "Sisniega, Marcel"]
[Result "1-0"]
[WhiteElo "2395"]
[BlackElo "2455"]
[PlyCount "63"]
[EventDate "1983.??.??"]
[Source "ChessBase"]

1. e4 c5 2. Nf3 Nc6 3. d4 cxd4 4. Nxd4 Nf6 5. Nc3 d6 6. Bg5 e6 7. Bb5 Bd7 8. Bxc6 bxc6 9. Qf3 Qb6 10. O-O-O Rb8 11. Nb3 Be7 12. e5 dxe5 13. Bxf6 gxf6 14. Ne4 Bc8 15. Nxf6+ Kf8 16. Ng4 Rg8 17. Nxe5 Rg7 18. Rd7 f5 19. Rxe7 Rxe7 20. Rd1 Qc7 21. Qc3 Rb5 22. f4 Rd5 23. Re1 c5 24. g3 Re8 25. Nd2 Red8 26. Ndc4 Ba6 27. Ng6+ hxg6 28. Qh8+ Kf7 29. Qh7+ Kf6 30. Qxc7 Bxc4 31. b3 R8d7 32. Qa5 1-0

[Event "Lloyds Bank Open"]
[Site "London ENG"]
[Date "1988.??.??"]
[Round "?"]
[White "Romm, Meir"]
[Black "Rogers, Ian"]
[Result "0-1"]
[WhiteElo "2305"]
[BlackElo "2540"]
[PlyCount "118"]
[EventDate "1988.08.??"]
[Source "www.chesslib.no"]
[SourceDate "2004.05.04"]

1. e4 c5 2. Nf3 d6 3. d4 cxd4 4. Nxd4 Nf6 5. Nc3 Nc6 6. Bg5 e6 7. Be2 Be7 8. Qd2 O-O 9. O-O-O d5 10. exd5 Nxd5 11. Bxe7 Ncxe7 12. Bf3 Nxc3 13. Qxc3 Qb6 14. Rd2 Bd7 15. Qb3 e5 16. Qxb6 axb6 17. Nb3 Bc6 18. Bxc6 bxc6 19. Rd7 Nd5 20. a3 Rfd8 21. Rxd8+ Rxd8 22. Rd1 Rc8 23. c4 Nf4 24. Rd7 Nxg2 25. Rb7 Ne1 26. Rxb6 Nd3+ 27. Kc2 Nxf2 28. a4 f5 29. a5 f4 30. a6 Ra8 31. Nd2 c5 32. b4 cxb4 33. c5 Ng4 34. Nf3 h6 35. c6 Ne3+ 36. Kb3 Nd5 37. Rb7 Rxa6 38. Nxe5 f3 39. Rb8+ Kh7 40. Rf8 Ra3+ 41. Kb2 Ne7 42. Rf7 f2 43. Rxf2 Re3 44. c7 Rxe5 45. Rf7 Nc8 46. Rf8 Nd6 47. Rd8 Rc5 48. Rxd6 Rxc7 49. Kb3 Rb7 50. Rc6 g5 51. Rd6 Rf7 52. h4 Rf3+ 53. Ka4 gxh4 54. Kxb4 h3 55. Rd2 Kg6 56. Kc4 Kf5 57. Kd4 h5 58. Ra2 Kf4 59. Rb2 Ra3 0-1

[Event "NED Team Ch 9495"]
[Site "NED"]
[Date "1994.??.??"]
[Round "1"]
[White "Timmerman, Gert Jan"]
[Black "Sosonko, Gennadi P"]
[Result "0-1"]
[WhiteElo "2320"]
[BlackElo "2525"]
[PlyCount "104"]
[EventDate "1994.??.??"]
[Source "www.chesslib.no"]
[SourceDate "2004.05.04"]

1. e4 c5 2. Nf3 d6 3. d4 cxd4 4. Nxd4 Nf6 5. Nc3 Nc6 6. Bg5 e6 7. Be2 Be7 8. O-O O-O 9. Kh1 d5 10. exd5 Nxd4 11. Qxd4 Nxd5 12. Bxe7 Nxe7 13. Rad1 Qxd4 14. Rxd4 e5 15. Rd2 Be6 16. Bf3 Rac8 17. Re1 f6 18. Nb5 Rfd8 19. Red1 Rxd2 20. Rxd2 Nc6 21. a3 Kf8 22. g3 Ke7 23. Kg2 f5 24. Bxc6 bxc6 25. Nc3 g5 26. f3 h5 27. h3 h4 28. g4 e4 29. gxf5 exf3+ 30. Kxf3 Bxf5 31. Ne4 Bxh3 32. Nxg5 Rf8+ 33. Ke3 Bf5 34. Rh2 Kf6 35. Nf3 h3 36. Kf4 Rg8 37. Ke3 Be6 38. c3 c5 39. Kf2 a5 40. Ng1 a4 41. Nf3 Bg4 42. Rh1 Bxf3 43. Kxf3 Rh8 44. Rh2 Ke5 45. Kf2 Kd5 46. Kg1 Kc4 47. Rf2 Rg8+ 48. Kh1 Rg2 49. Rf4+ Kb3 50. Rf5 Rxb2 51. Rxc5 Kxa3 52. c4 Rc2 0-1

[Event "JUG-chT"]
[Site "Niksic"]
[Date "1996.??.??"]
[Round "?"]
[White "Damjanovic, Vladimir"]
[Black "Ostojic, Nikola"]
[Result "1/2-1/2"]
[WhiteElo "2395"]
[BlackElo "2450"]
[PlyCount "56"]
[EventDate "1996.??.??"]
[Source "www.chesslib.no"]
[SourceDate "2004.05.04"]

1. e4 c5 2. Nf3 d6 3. d4 cxd4 4. Nxd4 Nf6 5. Nc3 Nc6 6. Bg5 e6 7. Be2 Be7 8. O-O a6 9. Kh1 Bd7 10. a4 O-O 11. Nb3 Na5 12. Ra3 Nxb3 13. Rxb3 Bc6 14. Qd4 Qc7 15. f4 h6 16. Bh4 Rad8 17. f5 exf5 18. Rxf5 Nxe4 19. Nxe4 Bxh4 20. Ng3 Bxg3 21. Rxg3 f6 22. Bh5 Kh8 23. Qe3 Rd7 24. Rxf6 Rxf6 25. Qe8+ Kh7 26. Bg6+ Rxg6 27. Qxg6+ Kg8 28. Qe8+ Kh7 1/2-1/2

[Event "CZE Ch"]
[Site "Czech Republic"]
[Date "1994.??.??"]
[Round "1"]
[White "Mokry, Karel"]
[Black "Walek, Milan"]
[Result "1-0"]
[WhiteElo "2520"]
[BlackElo "2315"]
[PlyCount "63"]
[EventDate "1994.05.??"]
[Source "www.chesslib.no"]
[SourceDate "2004.05.04"]

1. e4 c5 2. Nf3 d6 3. d4 cxd4 4. Nxd4 Nf6 5. Nc3 Nc6 6. Bg5 e6 7. Be2 a6 8. O-O Be7 9. Qd3 Qa5 10. Bxf6 gxf6 11. Nb3 Qg5 12. f4 Qg6 13. Na4 Bd7 14. Nb6 Rd8 15. a3 Rg8 16. Qh3 Kf8 17. Rad1 Be8 18. Rd3 h6 19. Bf3 Rh8 20. Kh1 h5 21. f5 Qg8 22. Rdd1 Ne5 23. Nd4 Ng4 24. fxe6 Ne3 25. Nd5 Nxd1 26. Nxe7 Qg5 27. Rxd1 Kxe7 28. Nf5+ Kxe6 29. Nxd6+ Ke7 30. Nf5+ Kf8 31. Rxd8 Qc1+ 32. Rd1 1-0

[Event "Wch U26"]
[Site "Antwerp"]
[Date "1992.??.??"]
[Round "6"]
[White "Reinderman, Dimitri"]
[Black "San Segundo Carrillo, Pablo"]
[Result "0-1"]
[WhiteElo "2410"]
[BlackElo "2425"]
[PlyCount "90"]
[EventDate "1992.??.??"]
[Source "ChessBase"]

1. e4 c5 2. Ne2 Nc6 3. Nbc3 d6 4. d4 cxd4 5. Nxd4 Nf6 6. Bg5 e6 7. Bb5 Bd7 8. Bxc6 bxc6 9. Qf3 h6 10. Bh4 c5 11. Nb3 Be7 12. O-O-O c4 13. Nd2 Rc8 14. Qe2 Qc7 15. f4 Bc6 16. Bxf6 Bxf6 17. Nxc4 O-O 18. e5 dxe5 19. Nxe5 Rb8 20. Rd3 Rfc8 21. Re1 Qb6 22. b3 Qa5 23. Kb2 Be8 24. Qd2 Be7 25. Nb1 Qa6 26. c3 Rc5 27. a3 Rcc8 28. g4 Bb5 29. Rd4 Bc5 30. g5 Bxd4 31. Qxd4 Rd8 32. Qf2 Qb6 33. Qxb6 Rxb6 34. gxh6 gxh6 35. c4 Ba4 36. b4 Rbd6 37. Rg1+ Kf8 38. c5 Rd4 39. c6 Rc8 40. Rc1 Rxf4 41. Rc5 Rf2+ 42. Ka1 f6 43. Nd7+ Ke7 44. b5 Bb3 45. b6 Ra2# 0-1

[Event "Cheliabinsk"]
[Site "Cheliabinsk"]
[Date "1991.??.??"]
[Round "?"]
[White "Savon, Vladimir A"]
[Black "Filipenko, Alexander V"]
[Result "1/2-1/2"]
[WhiteElo "2465"]
[BlackElo "2370"]
[PlyCount "45"]
[EventDate "1991.??.??"]
[Source "ChessBase"]

1. e4 c5 2. Nf3 Nc6 3. d4 cxd4 4. Nxd4 Nf6 5. Nc3 d6 6. Bg5 e6 7. Be2 Qa5 8. Bxf6 gxf6 9. Nb3 Qc7 10. f4 a6 11. Qd3 h5 12. h4 b5 13. Bf3 Bb7 14. Qd2 O-O-O 15. O-O-O Ne5 16. Kb1 Nxf3 17. gxf3 b4 18. Na4 d5 19. Qd4 Be7 20. e5 fxe5 21. fxe5 Kb8 22. Rd2 Qc4 23. Nac5 1/2-1/2